Billboard Hot 100 #1 Hits of 2011 - Statistics

General Stats
  • This quiz has been taken 21 times
  • The average score is 36 of 53
Answer Stats
Issue Date #1 Hit Artist % Correct
April 9 E.T. Katy Perry ft. Kanye West
81%
April 16 E.T. Katy Perry ft. Kanye West
81%
April 23 E.T. Katy Perry ft. Kanye West
81%
May 7 E.T. Katy Perry ft. Kanye West
81%
May 14 E.T. Katy Perry ft. Kanye West
81%
January 1 Firework Katy Perry
75%
January 15 Firework Katy Perry
75%
May 21 Rolling in the Deep Adele
75%
May 28 Rolling in the Deep Adele
75%
June 4 Rolling in the Deep Adele
75%
June 11 Rolling in the Deep Adele
75%
June 18 Rolling in the Deep Adele
75%
June 25 Rolling in the Deep Adele
75%
July 2 Rolling in the Deep Adele
75%
November 12 We Found Love Rihanna ft. Calvin Harris
75%
November 19 We Found Love Rihanna ft. Calvin Harris
75%
November 26 We Found Love Rihanna ft. Calvin Harris
75%
December 3 We Found Love Rihanna ft. Calvin Harris
75%
December 10 We Found Love Rihanna ft. Calvin Harris
75%
December 17 We Found Love Rihanna ft. Calvin Harris
75%
December 24 We Found Love Rihanna ft. Calvin Harris
75%
December 31 We Found Love Rihanna ft. Calvin Harris
75%
September 10 Moves Like Jagger Maroon 5 ft. Christina Aguilera
69%
September 24 Moves Like Jagger Maroon 5 ft. Christina Aguilera
69%
October 1 Moves Like Jagger Maroon 5 ft. Christina Aguilera
69%
October 8 Moves Like Jagger Maroon 5 ft. Christina Aguilera
69%
February 26 Born This Way Lady Gaga
63%
March 5 Born This Way Lady Gaga
63%
March 12 Born This Way Lady Gaga
63%
March 19 Born This Way Lady Gaga
63%
March 26 Born This Way Lady Gaga
63%
April 2 Born This Way Lady Gaga
63%
January 8 Grenade Bruno Mars
63%
January 22 Grenade Bruno Mars
63%
February 5 Grenade Bruno Mars
63%
February 12 Grenade Bruno Mars
63%
July 16 Party Rock Anthem LMFAO ft. Lauren Bennett and GoonRock
63%
July 23 Party Rock Anthem LMFAO ft. Lauren Bennett and GoonRock
63%
July 30 Party Rock Anthem LMFAO ft. Lauren Bennett and GoonRock
63%
August 6 Party Rock Anthem LMFAO ft. Lauren Bennett and GoonRock
63%
August 13 Party Rock Anthem LMFAO ft. Lauren Bennett and GoonRock
63%
August 20 Party Rock Anthem LMFAO ft. Lauren Bennett and GoonRock
63%
September 17 Someone Like You Adele
63%
October 15 Someone Like You Adele
63%
October 22 Someone Like You Adele
63%
October 29 Someone Like You Adele
63%
November 5 Someone Like You Adele
63%
August 27 Last Friday Night (T.G.I.F.) Katy Perry
56%
September 3 Last Friday Night (T.G.I.F.) Katy Perry
56%
January 29 Hold It Against Me Britney Spears
50%
July 9 Give Me Everything Pitbull ft. Ne-Yo, Afrojack, and Nayer
44%
April 30 S&M Rihanna ft. Britney Spears
44%
February 19 Black and Yellow Wiz Khalifa
38%
No matching quizzes found
Score Distribution
Percent of People with Each Score
Percentile by Number Answered
Your Score History
You have not taken this quiz